000 00490nam a22001817a 4500
003 NUST - PNEC
005 20170116180847.0
008 150824b xxu||||| |||| 00| 0 eng d
020 _a0070384762
020 _a0071138110
040 _cLIBRARY
082 _a384.53 LOG
100 _95540
_a Logsdon, Tom
245 _aMobile communication satellites : Theory and Applications
_cTom Logsdon
260 _cc.1995
650 _95543
_aMobile communication systems
_xMIS
942 _2ddc
_cBK
999 _c64510
_d64510